|
|
|
|
| LEADER |
03087nam a22004935i 4500 |
| 001 |
978-1-4020-6695-5 |
| 003 |
DE-He213 |
| 005 |
20151125231547.0 |
| 007 |
cr nn 008mamaa |
| 008 |
100301s2009 ne | s |||| 0|eng d |
| 020 |
|
|
|a 9781402066955
|9 978-1-4020-6695-5
|
| 024 |
7 |
|
|a 10.1007/978-1-4020-6695-5
|2 doi
|
| 040 |
|
|
|d GrThAP
|
| 050 |
|
4 |
|a QH301-705
|
| 072 |
|
7 |
|a PSA
|2 bicssc
|
| 072 |
|
7 |
|a SCI086000
|2 bisacsh
|
| 082 |
0 |
4 |
|a 570
|2 23
|
| 245 |
1 |
0 |
|a Functional Surfaces in Biology
|h [electronic resource] :
|b Adhesion Related Phenomena Volume 2 /
|c edited by Stanislav N. Gorb.
|
| 250 |
|
|
|a 1.
|
| 264 |
|
1 |
|a Dordrecht :
|b Springer Netherlands,
|c 2009.
|
| 300 |
|
|
|a XVIII, 268 p.
|b online resource.
|
| 336 |
|
|
|a text
|b txt
|2 rdacontent
|
| 337 |
|
|
|a computer
|b c
|2 rdamedia
|
| 338 |
|
|
|a online resource
|b cr
|2 rdacarrier
|
| 347 |
|
|
|a text file
|b PDF
|2 rda
|
| 505 |
0 |
|
|a Adhesion Enhancement and Reduction in Biological Surfaces -- Adhesion Enhancement -- The Echinoderm Tube Foot and its Role in Temporary Underwater Adhesion -- Mechanisms and Principles Underlying Temporary Adhesion, Surface Exploration and Settlement Site Selection by Barnacle Cyprids: A Short Review -- Alternative Tasks of the Insect Arolium with Special Reference to Hymenoptera -- Organs of Adhesion in Some Mountain-stream Teleosts of India: Structure-Function Relationship -- Surface Characteristics of Locomotor Substrata and Their Relationship to Gekkonid Adhesion: A Case Study of Rhoptropus cf biporosus -- Adhesion Reduction -- Variable Attachment to Plant Surface Waxes by Predatory Insects -- The Waxy Surface in Nepenthes Pitcher Plants: Variability, Adaptive Significance and Developmental Evolution -- Functional Surfaces in the Pitcher of the Carnivorous Plant Nepenthes alata: A Cryo-Sem Approach.
|
| 520 |
|
|
|a This book is devoted to the rapidly growing area of science dealing with structure and properties of biological surfaces in their relation to particular function(s). This volume, written by a team of specialists from different disciplines, covers various surface functions such as protection, defense, water transport, anti-wetting, self cleaning, light reflection and scattering, and acoustics. Because biological surfaces have a virtually endless potential of technological ideas for the development of new materials and systems, inspirations from biology could also be interesting for a broad range of topics in surface engineering.
|
| 650 |
|
0 |
|a Life sciences.
|
| 650 |
|
0 |
|a Plant science.
|
| 650 |
|
0 |
|a Botany.
|
| 650 |
|
0 |
|a Physics.
|
| 650 |
|
0 |
|a Engineering.
|
| 650 |
1 |
4 |
|a Life Sciences.
|
| 650 |
2 |
4 |
|a Life Sciences, general.
|
| 650 |
2 |
4 |
|a Engineering, general.
|
| 650 |
2 |
4 |
|a Physics, general.
|
| 650 |
2 |
4 |
|a Plant Sciences.
|
| 700 |
1 |
|
|a Gorb, Stanislav N.
|e editor.
|
| 710 |
2 |
|
|a SpringerLink (Online service)
|
| 773 |
0 |
|
|t Springer eBooks
|
| 776 |
0 |
8 |
|i Printed edition:
|z 9781402066948
|
| 856 |
4 |
0 |
|u http://dx.doi.org/10.1007/978-1-4020-6695-5
|z Full Text via HEAL-Link
|
| 912 |
|
|
|a ZDB-2-SBL
|
| 950 |
|
|
|a Biomedical and Life Sciences (Springer-11642)
|